Khảo sát nội dung giáo dục kĩ năng sống cho học sinh lớp 2, lớp 3 qua phân môn Tập lamg văn
Cơ sở lí luận chung. Khảo sát nội dung giáo dục kĩ năng sống cho học sinh lớp 2, lớp 3 qua phân môn Tập làm văn. Thiết kế một số bài giảng điện tử giáo dục kĩ năng sống cho học sinh lớp 2, lớp 3 qua phân môn Tập làm văn
Sparad:
| Huvudupphovsman: | |
|---|---|
| Övriga upphovsmän: | |
| Materialtyp: | Bok |
| Publicerad: |
Đà Nẵng
Đại học Sư phạm, Đại học Đà Nẵng
2013
|
| Ämnen: | |
| Taggar: |
Lägg till en tagg
Inga taggar, Lägg till första taggen!
|
| Thư viện lưu trữ: | Mạng thư viện Đại học Đà Nẵng |
|---|
| LEADER | 01970nam a2200373 4500 | ||
|---|---|---|---|
| 001 | 000018369 | ||
| 003 | 14800 | ||
| 005 | 20131022141053.0 | ||
| 008 | 131022s2013 sd | ||
| 082 | 1 | 4 | |a 372.62 |b PH-T |
| 100 | 1 | |a Phan Trần Thu Thủy | |
| 245 | 1 | |a Khảo sát nội dung giáo dục kĩ năng sống cho học sinh lớp 2, lớp 3 qua phân môn Tập lamg văn |c Phan Trần Thu Thủy ; Bùi Thị Thanh hướng dẫn |k Khóa luận tốt nghiệp | |
| 260 | |a Đà Nẵng |b Đại học Sư phạm, Đại học Đà Nẵng |c 2013 | ||
| 300 | |a 62 tr., phụ lục 9 tr. |b Hình mh. |c 29 cm. |e Bản tóm tắt | ||
| 500 | |a Khóa luận tốt nghiệp đại học. Chuyên ngành: Sư phạm Tiểu học | ||
| 504 | |a Mục lục đầu trang, tài liệu tham khảo tr. 73 - 74, phụ lục [13 tr.] | ||
| 520 | |a Cơ sở lí luận chung. Khảo sát nội dung giáo dục kĩ năng sống cho học sinh lớp 2, lớp 3 qua phân môn Tập làm văn. Thiết kế một số bài giảng điện tử giáo dục kĩ năng sống cho học sinh lớp 2, lớp 3 qua phân môn Tập làm văn | ||
| 600 | 1 | 4 | |b Vua |c Đinh Tiên Hoàng |
| 650 | 0 | 4 | |a Giáo dục tiểu học |v Khóa luận tốt nghiệp |x Tập làm văn |
| 650 | 0 | 4 | |a Giáo dục tiểu học |v Khóa luận tốt nghiệp |x Kĩ năng sống |
| 653 | |a Tập làm văn | ||
| 653 | |a Khoa Tiểu học - Mầm non | ||
| 653 | |a Kĩ năng sống | ||
| 700 | 1 | |a Bùi Thị Thanh |e Hướng dẫn | |
| OWN | |a LSP | ||
| AVA | |a UDN50 |b LSP |d 372.62 PH-T |e available |t Error 5001 Not defined in file expand_doc_bib_avail. |f 1 |g 0 |h N |i 0 |k 1 | ||
| 999 | |a From the UDN01 | ||
| AVA | |a UDN50 |b LSP |d 372.62 PH-T |e available |t Error 5001 Not defined in file expand_doc_bib_avail. |f 1 |g 0 |h N |i 0 |k 1 | ||
| TYP | |a Monograph | ||
| TYP | |a Printed language | ||
| 980 | |a Mạng thư viện Đại học Đà Nẵng | ||